000
00329nam a2200133Ia 4500
005
20251222144712.0
008
251222s9999||||xx |||||||||||||| ||spa||
020
_a
978-603-45229-1-6
082
_a
344.01/B45
100
_a
Bernuy Alvarez, Oscar H.
245
0
_a
Manual Práctico Laboral
264
_b
EntrelĂneas
942
_c
LIB
999
_c
17861
_d
17861